Catálogo público

Evaluación de protectantes de semilla de maíz en la reducción del daño por gusano cogollero (Spodoptera frugiperda J.E. Smith) en invernadero / (Record no. 208307)

MARC details
000 -CABECERA
campo de control de longitud fija 01003nam a2200289Ia 4500
001 - NÚMERO DE CONTROL
campo de control Para_9633
003 - IDENTIFICADOR DEL NÚMERO DE CONTROL
campo de control CHAP
008 - DATOS DE LONGITUD FIJA--INFORMACIÓN GENERAL
campo de control de longitud fija 220125s2009 xx 000 0 und d
010 ## - NÚMERO DE CONTROL DE LA BIBLIOTECA DEL CONGRESO
Número de control de LC 208307
040 ## - FUENTE DE LA CATALOGACIÓN
Centro/agencia transcriptor CHAP
090 ## - LOCALMENTE ASIGNADO TIPO-LC NÚMERO DE CLASIFICACIÓN (OCLC); NÚMERO DE CLASIFICACIÓN LOCAL (RLIN)
Número de clasificación (OCLC) (R) ; Numero de clasificación, CALL (RLIN) (NR) PA TESIS 2256
100 ## - ENTRADA PRINCIPAL--NOMBRE DE PERSONA
Nombre de persona Vera Heredia, José Manuel
9 (RLIN) 118776
245 ## - MENCIÓN DE TÍTULO
Título Evaluación de protectantes de semilla de maíz en la reducción del daño por gusano cogollero (Spodoptera frugiperda J.E. Smith) en invernadero /
Mención de responsabilidad, etc. José Manuel Vera Heredia
260 ## - PUBLICACIÓN, DISTRIBUCIÓN, ETC.
Lugar de publicación, distribución, etc. Chapingo, Méx :
Nombre del editor, distribuidor, etc. El autor
300 ## - DESCRIPCIÓN FÍSICA
Extensión 39 h.
502 ## - NOTA DE TESIS
Nota de tesis Tesis (M.C. Esp. Protección Vegetal) UACh. Departamento Parasitología Agrícola
650 ## - PUNTO DE ACCESO ADICIONAL DE MATERIA--TÉRMINO DE MATERIA
Término de materia o nombre geográfico como elemento de entrada Maíz
Subdivisión general control de plaga
9 (RLIN) 174629
650 ## - PUNTO DE ACCESO ADICIONAL DE MATERIA--TÉRMINO DE MATERIA
Término de materia o nombre geográfico como elemento de entrada Spodoptera Frugiperda
9 (RLIN) 174630
700 ## - PUNTO DE ACCESO ADICIONAL--NOMBRE DE PERSONA
Nombre de persona UACh. Departamento Parasitología Agrícola
9 (RLIN) 164501
901 ## - ELEMENTOS DE DATOS A LOCAL LDA (RLIN)
a PA TESIS 2256
902 ## - ELEMENTOS DE DATOS B LOCAL, LDB (RLIN)
a M
905 ## - ELEMENTOS DE DATOS E LOCAL, LDE (RLIN)
a 0202202009 amn 8000000000 00
910 ## - DATOS DE OPCIÓN DEL USUARIO (OCLC)
Datos de opción del usuario 2009
942 ## - ELEMENTOS DE PUNTO DE ACCESO ADICIONAL (KOHA)
Tipo de ítem Koha Parasitologia_
942 ## - ELEMENTOS DE PUNTO DE ACCESO ADICIONAL (KOHA)
Tipo de ítem Koha Parasitologia_
-- 2
Holdings
Estado de retiro Estado de pérdida Fuente del sistema de clasificación o colocación Estado dañado No para préstamo Código de colección Localización permanente Ubicación/localización actual Ubicación en estantería Fecha de adquisición Información codificada de la localización en otra ubicación Total de préstamos Código de barras Fecha visto por última vez Número de copia Precio válido a partir de Tipo de ítem Koha Nota pública
    Clasificación Universidad Autónoma de Chapingo     Tesis Parasitologia Agricola Parasitologia Agricola   10/03/2011 PARA   PA_09535-2 25/01/2022 2 25/01/2022 Tesis 3
    Clasificación Universidad Autónoma de Chapingo     Tesis Parasitologia Agricola Parasitologia Agricola   10/03/2011 PARA   PA_09535 25/01/2022 1 25/01/2022 Tesis 2